| 000 | 00459nam a2200157 i 4500 | ||
|---|---|---|---|
| 001 | 50419 | ||
| 003 | ES-MaACL | ||
| 005 | 20230906162157.0 | ||
| 007 | t| | ||
| 008 | 030804s1970 sp ||||1| spa d | ||
| 100 | 1 |
_aCruset, José. _941775 |
|
| 245 | 1 | 0 |
_aValores de mi tiempo _b: notas de literatura española actual / _cJosé Cruset. |
| 260 |
_aBarcelona : _bTaber, _c[1970] |
||
| 300 |
_a297 p., 18 lám. ; _c20 cm. |
||
| 852 |
_aES-MaACL _jC-38962 _bR.73312 |
||
| 999 |
_c50419 _d50419 |
||